Semi and Fully Enclaved Countries - Statistics

General Stats
  • This quiz has been taken 111 times
  • The average score is 8 of 10
Answer Stats
Country % Correct
Wholly Enclaved San Marino
94%
Wholly Enclaved Vatican City
93%
Wholly Enclaved Lesotho
91%
Semi Enclaved Liechtenstein
90%
Semi Enclaved Andorra
89%
Semi Enclaved Eswatini
79%
Semi Enclaved Bhutan
74%
Semi Enclaved Nepal
73%
Semi Enclaved Mongolia
67%
Semi Enclaved Moldova
44%
No matching quizzes found
Score Distribution
Percent of People with Each Score
Percentile by Number Answered
Your Score History
You have not taken this quiz